=LDR 00000nam 2200000 4500 =001 INLIS000000000029398 =005 20130612131632 =008 ***********************************Ind** =035 ##$$0010-061300000029398 =041 ##$$a Ind =082 ##$$a 391 =090 ##$$a 391, Mur p =100 ##$$a Makmur Makmur =245 ##$$a pakain penghulu minagkabau, Erman Makamur =260 ##$$a 1997 $b Sumatera barat =300 ##$$a 65 hlm, ilus, 23 cm =650 ##$$a Budaya =850 ##$$a NBPNMAT